000
00295nam a2200133Ia 4500
008
240625s9999 xx 000 0 und d
041
_a
eng
082
_a
519.5 VEA
100
_a
DE VEAUX
245
_a
VIDEO LECTURES ON DVD FOR INTRO STATS
260
_c
2009
365
_c
_b
27.5
440
_v
2
999
_c
35233
_d
35233